LIBRARY & INFORMATION CENTRE, KCAET, TAVANUR

ONLINE PUBLIC ACCESS CATALOGUE (OPAC)

Industrial management for diploma and degree courses in engineering / (Record no. 9184)

MARC details
000 -LEADER
fixed length control field 00502cam a2200181ua 4500
041 ## - LANGUAGE CODE
Language code of text/sound track or separate title eng
082 ## - DEWEY DECIMAL CLASSIFICATION NUMBER
Classification number 658.5
Item number BAL/IN
100 ## - MAIN ENTRY--AUTHOR NAME
Personal name Balasundaram, K .
245 ## - TITLE STATEMENT
Title Industrial management for diploma and degree courses in engineering /
250 ## - EDITION STATEMENT
Edition statement 2 /
260 ## - PUBLICATION, DISTRIBUTION, ETC. (IMPRINT)
Place of publication Coimbatore :
Name of publisher Ramalinga sowseshwari publications ,
Year of publication 1995.
300 ## - PHYSICAL DESCRIPTION
Number of Pages 371 ; .
942 ## - ADDED ENTRY ELEMENTS (KOHA)
Koha item type Books
Holdings
Withdrawn status Lost status Damaged status Home library Current library Date acquired Full call number Accession Number Koha item type
      KAUAET KAUAET 07/04/2012 658.5 BAL/IN 18569 Books
free website counter